Normal view
MARC view
- Supervisor: Dr. Rafia Mumtaz
Entry Personal Name
001 - CONTROL NUMBER
- control field: 96700
003 - CONTROL NUMBER IDENTIFIER
- control field: NUST
005 - DATE AND TIME OF LATEST TRANSACTION
- control field: 20220810111455.0
008 - FIXED-LENGTH DATA ELEMENTS
- fixed length control field: 220810|| aca||aabn | a|a d
040 ## - CATALOGING SOURCE
- Original cataloging agency: NUST
- Transcribing agency: NUST
100 ## - HEADING--PERSONAL NAME
- Personal name: Supervisor: Dr. Rafia Mumtaz
670 ## - SOURCE DATA FOUND
- Source citation: Work cat.: (NUST): Haq, Ihsan Ul 96698, Deep learning for Crop Disease Monitoring and Prediction /
